000 00492nam a2200169 a 4500
001 000049020
005 20201002061607.0
008 131118s2005 dr 000 0 spa d
040 _aDO-SdBNP
_bspa
_cBNPHU
082 _axx
_bxx
100 1 _aHernández, Ceo
_969187
245 1 0 _aPinceladas para meditar /
_cDr. Ceo Hernández.
260 _aSanto Domingo :
_bTaller,
_c2005.
300 _a150 p. ;
_c22 cm.
505 0 _aNutrición --
_tSalud --
_tFelicidad.
590 _aInventariado, 2019/VM
999 _c48508
_d48508